Trabajo Social e instituciones

Sparad:
Bibliografiska uppgifter
Huvudupphovsman: Faleiros, Vicente de Paula (Författare, medförfattare)
Materialtyp: Bok
Språk:spanska
Publicerad: Buenos Aires Humanitas 1992
Ämnen:
Taggar: Lägg till en tagg
Inga taggar, Lägg till första taggen!

MARC

LEADER 00000nam a2200000 a 4500
001 UCY2805
003 CL-VaPUC
008 941121e19920000AG |||||||||||||||||spa|d
082 0 4 |a 361  |b FAL  |2 21 
100 0 |a Faleiros, Vicente de Paula  |e author  |9 330945 
245 1 0 |a Trabajo Social e instituciones 
300 |a 136 p 
942 |c BK 
945 |d 19941121 00:00:00  |a rbrito 
260 |a Buenos Aires  |b Humanitas  |c 1992 
650 0 |a Trabajo social   |9 307856 
650 0 |a Instituciones sociales  |9 329915 
650 0 |a Relaciones humanas  |9 307340 
651 0 |a América Latina   |9 255027 
583 |a last modification  |c 19941121 00:00:00  |k Rodrigo Vera 
999 |c 231123  |d 231121 
952 |0 0  |1 0  |4 0  |6 361_000000000000000_FAL_1992  |7 0  |8 A  |9 233960  |a BIBGIM  |b BIBGIM  |d 2019-11-15  |i 3033112  |o 361 FAL 1992  |p 3033112  |r 2025-01-15  |w 2019-11-15  |y BK  |k SSL